Kraje większe od Polski - Statystyki

Ogólne statystyki
  • Ten quiz został rozwiązany 564 razy
  • Średni wynik to 5 z 19
Answers on the Grid
Answers color-coded by a green-red scale on the quiz's grid according to % correct below.
Libia
Kazachstan
Kambodża
Senegal
Chiny
Rosja
USA
Indie
Pakistan
Francja
Niemcy
RPA
Bangladesz
Nigeria
Algieria
Kolumbia
Włochy
Tajlandia
Wietnam
Mjanma
Sri Lanka
Peru
Australia
Grecja
Holandia
Tajwan
Rumunia
Chile
Szwajcaria
Namibia
Tanzania
Chad
Uganda
Irak
 
Statystyki odpowiedzi
Odpowiedź % Poprawnych
Rosja
45%
USA
43%
Chiny
40%
Francja
32%
Indie
32%
Niemcy
32%
RPA
30%
Nigeria
25%
Włochy
25%
Pakistan
22%
Kolumbia
20%
Wietnam
20%
Algieria
18%
Bangladesz
18%
Tajlandia
18%
Irak
13%
Tanzania
13%
Mjanma
12%
Uganda
7%
Nie znaleziono quizów pasujących do podanych kryteriów
Rozkład punktacji
Procent ludzi z każdym wynikiem
Percentyl według liczby udzielonych odpowiedzi
Twoja historia wyników
Nie rozwiązałeś tego quizu